|
|
|
|
| LEADER |
00000nam0a2200000 4500 |
| 001 |
292901 |
| 005 |
20231102000537.0 |
| 020 |
|
|
|a RU
|b 84-19235
|
| 035 |
|
|
|a (RuTPU)RU\TPU\book\317585
|
| 090 |
|
|
|a 292901
|
| 100 |
|
|
|a 20150427d1984 k y0rusy5003 ca
|
| 101 |
0 |
|
|a rus
|
| 102 |
|
|
|a RU
|
| 105 |
|
|
|a y z 001zy
|
| 200 |
1 |
|
|a Архитектура и программное оснащение цифровых систем
|e сборник статей
|f Московский государственный университет им. М. В. Ломоносова (МГУ) ; Ленинградский государственный университет (ЛГУ) ; под ред. Н. П. Брусенцова ; А. М. Шаумана
|
| 210 |
|
|
|a Москва
|c Изд-во МГУ
|d 1984
|
| 215 |
|
|
|a 124 с.
|c ил.
|
| 320 |
|
|
|a Библиография в конце статей
|
| 606 |
|
|
|a Цифровые вычислительные машины
|x Программирование
|2 stltpush
|3 (RuTPU)RU\TPU\subj\18457
|9 43888
|
| 610 |
1 |
|
|a диалоговые системы
|
| 610 |
1 |
|
|a операционные системы
|
| 610 |
1 |
|
|a работа
|
| 610 |
1 |
|
|a алгоритмы управления
|
| 610 |
1 |
|
|a алфавитно-цифровой дисплей
|
| 610 |
1 |
|
|a недетерминированные вычисления
|
| 610 |
1 |
|
|a алгоритмизация
|
| 675 |
|
|
|a 681.322.06
|v 3
|
| 702 |
|
1 |
|a Брусенцов
|b Н. П.
|g Николай Петрович
|4 340
|
| 702 |
|
1 |
|a Шауман
|b А. М.
|4 340
|
| 712 |
0 |
2 |
|a Московский государственный университет им. М. В. Ломоносова (МГУ)
|2 stltpush
|3 (RuTPU)RU\TPU\col\7
|
| 712 |
0 |
2 |
|a Ленинградский государственный университет (ЛГУ)
|c (1924-1991)
|2 stltpush
|3 (RuTPU)RU\TPU\col\77
|
| 801 |
|
0 |
|a RU
|b RuMRKP
|c 19950704
|g psbo
|
| 801 |
|
1 |
|a RU
|b 63413507
|c 20150427
|
| 801 |
|
2 |
|a RU
|b 63413507
|c 20190204
|g RCR
|
| 942 |
|
|
|c BK
|